La conspiración de Gual y España y el ideario de la independencia / (Record no. 1961)
[ view plain ]
| 000 -CABECERA | |
|---|---|
| campo de control de longitud fija | 00912cam a2200253 a 4500 |
| 001 - NÚMERO DE CONTROL | |
| campo de control | 000002103 |
| 005 - FECHA Y HORA DE LA ÚLTIMA TRANSACCIÓN | |
| campo de control | 20200929145831.0 |
| 008 - DATOS DE LONGITUD FIJA--INFORMACIÓN GENERAL | |
| campo de control de longitud fija | 800508s1978 ve a b f001 0 spa |
| 040 ## - FUENTE DE LA CATALOGACIÓN | |
| Centro catalogador/agencia de origen | DO-SdBNP |
| Lengua de catalogación | spa |
| Centro/agencia transcriptor | BNPHU |
| 082 ## - NÚMERO DE LA CLASIFICACIÓN DECIMAL DEWEY | |
| Número de clasificación | 987.03 |
| Número de documento/Ítem | G767c, 1978 |
| 100 1# - ENTRADA PRINCIPAL--NOMBRE DE PERSONA | |
| Nombre de persona | Grases, Pedro |
| Fechas asociadas al nombre | 1909- |
| 9 (RLIN) | 6755 |
| 245 13 - MENCIÓN DE TÍTULO | |
| Título | La conspiración de Gual y España y el ideario de la independencia / |
| Mención de responsabilidad, etc. | Pedro Grases. |
| 250 ## - MENCIÓN DE EDICIÓN | |
| Mención de edición | 2a ed. |
| 260 ## - PUBLICACIÓN, DISTRIBUCIÓN, ETC. | |
| Lugar de publicación, distribución, etc. | Caracas : |
| Nombre del editor, distribuidor, etc. | Ministerio de Educación, Departamento de Imprenta, |
| Fecha de publicación, distribución, etc. | 1978. |
| 300 ## - DESCRIPCIÓN FÍSICA | |
| Extensión | xv, 300 p. : |
| Otras características físicas | il. ; |
| Dimensiones | 23 cm. |
| 500 ## - NOTA GENERAL | |
| Nota general | En cubierta: Puerto de la Guaira. |
| 500 ## - NOTA GENERAL | |
| Nota general | "Apéndice documental": p. [167]-290. |
| 504 ## - NOTA DE BIBLIOGRAFÍA, ETC. | |
| Nota de bibliografía, etc. | Bibliografía: p. 293-298. |
| 500 ## - NOTA GENERAL | |
| Nota general | Incluye índice. |
| 651 #4 - PUNTO DE ACCESO ADICIONAL DE MATERIA--NOMBRE GEOGRÁFICO | |
| Nombre geográfico | Venezuela |
| Subdivisión general | Historia |
| Subdivisión cronológica | 1793-1810 |
| 9 (RLIN) | 6756 |
| 600 10 - PUNTO DE ACCESO ADICIONAL DE MATERIA--NOMBRE DE PERSONA | |
| Nombre de persona | GUAL, MANUEL, |
| Fechas asociadas al nombre | 1800- |
| 9 (RLIN) | 6757 |
| 600 10 - PUNTO DE ACCESO ADICIONAL DE MATERIA--NOMBRE DE PERSONA | |
| Nombre de persona | ESPAÑA, JOSÉ MARÍA, |
| Fechas asociadas al nombre | 1799- |
| 9 (RLIN) | 6758 |
| 650 #4 - PUNTO DE ACCESO ADICIONAL DE MATERIA--TÉRMINO DE MATERIA | |
| Término de materia o nombre geográfico como elemento de entrada | Historia constitucional |
| Subdivisión geográfica | Venezuela |
| 9 (RLIN) | 6759 |
| Estado de retiro | Estado de pérdida | Restricciones de uso | No para préstamo | Código de colección | Localización permanente | Ubicación/localización actual | Ubicación en estantería | Fecha de adquisición | Número de inventario | Total de préstamos | Signatura topográfica completa | Código de barras | Fecha visto por última vez | Precio válido a partir de | Tipo de ítem Koha |
|---|---|---|---|---|---|---|---|---|---|---|---|---|---|---|---|
| Préstamo interno | Monografías: Libros y Folletos | General | General | Depósito | 03.07.2009 | LF1 | 987.03 G767c, 1978 | 2103-10 | 25.06.2020 | 25.06.2020 | Préstamo interno |
